[Event "Prague-E"]
[Site "Prague"]
[Date "2019.03.13"]
[Round "6.4"]
[White "Skopec, Lubos"]
[Black "Van Foreest, Nanne"]
[Result "1-0"]
[WhiteElo "1918"]
[BlackElo "1737"]
[PlyCount "57"]
[EventDate "2019.03.09"]
[EventType "tourn"]
[EventRounds "9"]
[EventCountry "CZE"]
[SourceTitle "OM OTB B 201907"]
[Source "Opening Master"]
[SourceDate "2019.07.06"]
[SourceVersion "2"]
[SourceVersionDate "2019.07.06"]
[SourceQuality "1"]

1. e4 e5 2. Nf3 Nc6 3. c3 d5 4. Bb5 dxe4 5. Nxe5 Qd5 6. Bxc6+ bxc6 7. d4 exd3
8. O-O Bd6 9. c4 Qd4 10. Nxc6 Qxc4 11. Re1+ Be6 12. Qf3 Rc8 13. Nxa7 Rd8 14.
Qc6+ Qxc6 15. Nxc6 Rd7 16. Nc3 Nf6 17. Nb8 d2 18. Bxd2 Bxh2+ 19. Kxh2 Rxd2 20.
Re2 Rxe2 21. Nxe2 O-O 22. Nc6 Ra8 23. Nc3 Nd5 24. Nxd5 Bxd5 25. Ne7+ Kf8 26.
Nxd5 c6 27. Nb4 c5 28. Nd3 c4 29. Ne5 1-0

[Event "SVK-chT3B2 1819"]
[Site "Slovakia"]
[Date "2019.03.10"]
[Round "9.3"]
[White "Kostelansky, Karol"]
[Black "Rucek, Peter"]
[Result "1-0"]
[WhiteElo "1684"]
[BlackElo "1801"]
[PlyCount "49"]
[EventDate "2018.10.21"]
[EventType "team-tourn"]
[EventRounds "11"]
[EventCountry "SVK"]
[SourceTitle "OM OTB B 201907"]
[Source "Opening Master"]
[SourceDate "2019.07.06"]
[SourceVersion "2"]
[SourceVersionDate "2019.07.06"]
[SourceQuality "1"]
[WhiteTeam "Povazske Podhradie "]
[BlackTeam "Belusa"]
[WhiteTeamCountry "SVK"]
[BlackTeamCountry "SVK"]

1. e4 e5 2. Nf3 Nc6 3. c3 Nf6 4. d4 Nxe4 5. d5 Ne7 6. Nxe5 d6 7. Bb5+ c6 8.
dxc6 bxc6 9. Nxc6 Qb6 10. Nd4+ Bd7 11. Bxd7+ Kxd7 12. O-O h5 13. Nd2 Nc5 14.
Nc4 Qb7 15. Bf4 Nd5 16. Qf3 Nxf4 17. Qxf4 f6 18. Qf5+ Kc7 19. b4 Nd7 20. Nb5+
Kd8 21. Ncxd6 Bxd6 22. Nxd6 Qc6 23. Nf7+ Kc7 24. Rad1 g5 25. b5 1-0

[Event "8th March International"]
[Site "Tashkent UZB"]
[Date "2019.03.09"]
[Round "7.5"]
[White "Sitnikov, A."]
[Black "Abdusattorova, Bakhora"]
[Result "1-0"]
[WhiteElo "2409"]
[BlackElo "2102"]
[PlyCount "55"]
[EventDate "2019.03.06"]
[EventType "tourn"]
[EventRounds "9"]
[EventCountry "UZB"]
[SourceTitle "The Week in Chess 1270"]
[Source "Mark Crowther"]
[SourceDate "2019.03.11"]
[SourceVersion "1"]
[SourceVersionDate "2019.03.11"]
[SourceQuality "2"]

1. e4 e5 2. Nf3 Nc6 3. c3 d5 4. Qa4 f6 5. d3 Bc5 6. b4 Bb6 7. exd5 Qxd5 8. c4
Qe6 9. c5 e4 10. Nd4 Qe5 11. Nb3 exd3+ 12. Be3 f5 13. b5 Ba5+ 14. Kd1 Qb2 15.
Bxd3 Nb4 16. Qxa5 Nxd3 17. Bd4 Nxf2+ 18. Ke1 Nd3+ 19. Kf1 Qc2 20. Na3 b6 21.
Nxc2 bxa5 22. Bxg7 a4 23. Na5 Rb8 24. Nd4 Kf7 25. Bxh8 Ne7 26. Nac6 Nxc6 27.
Nxc6 Rxb5 28. Nxa7 1-0

[Event "SVK-chT2B 1819"]
[Site "Slovakia"]
[Date "2019.03.03"]
[Round "9.8"]
[White "Kostelansky, Karol"]
[Black "Gallo, Gabriel"]
[Result "1-0"]
[WhiteElo "1693"]
[BlackElo "1620"]
[PlyCount "169"]
[EventDate "2018.10.13"]
[EventType "team-tourn"]
[EventRounds "11"]
[EventCountry "SVK"]
[SourceTitle "OM OTB B 201907"]
[Source "Opening Master"]
[SourceDate "2019.07.06"]
[SourceVersion "2"]
[SourceVersionDate "2019.07.06"]
[SourceQuality "1"]
[WhiteTeam "Povazske Podhradie"]
[BlackTeam "Levice"]
[WhiteTeamCountry "SVK"]
[BlackTeamCountry "SVK"]

1. e4 e5 2. Nf3 Nc6 3. c3 Nf6 4. d4 exd4 5. e5 Nd5 6. Qb3 Nb6 7. cxd4 d6 8. Bb5
Bd7 9. O-O Be7 10. Re1 Be6 11. Qc2 Bd7 12. exd6 cxd6 13. Qe4 d5 14. Qe2 Be6 15.
Bf4 O-O 16. a3 Bf6 17. Bxc6 bxc6 18. Nbd2 Bg4 19. Qd3 Qd7 20. Ne5 Bxe5 21. Rxe5
Rfe8 22. Rae1 Rxe5 23. Rxe5 Re8 24. Qe3 Rxe5 25. Qxe5 Qd8 26. h3 Be6 27. Qd6
Qxd6 28. Bxd6 Na4 29. b4 Nc3 30. Bc5 a6 31. Kf1 g6 32. Nb3 Kg7 33. f3 Bf5 34.
Na5 Bd3+ 35. Ke1 Bb5 36. Nb7 Nb1 37. Nd6 Ba4 38. Ne8+ Kh8 39. Nc7 Nxa3 40. Nxa6
Nc4 41. Nc7 Ne3 42. Kf2 Nf5 43. Ne8 h5 44. g4 hxg4 45. fxg4 Nh6 46. Kg3 Bc2 47.
Bf8 Ng8 48. Kf4 f6 49. Bg7+ Kh7 50. Bxf6 Nh6 51. Be5 Nf7 52. h4 Nd8 53. Nf6+
Kg7 54. Nxd5+ Kf7 55. Nc7 Ne6+ 56. Nxe6 Kxe6 57. Bc7 Kd5 58. Bb6 Ke6 59. Kg5
Kf7 60. h5 gxh5 61. Kxh5 Kg7 62. g5 Bd1+ 63. Kh4 Kg6 64. Bd8 Bf3 65. Kg3 Bd5
66. Kf4 Bc4 67. Ke5 Bd5 68. Kd6 Be4 69. Kc5 Kf7 70. b5 cxb5 71. Kxb5 Ke6 72.
Kc5 Kd7 73. Bf6 Ke6 74. Bh8 Ke7 75. d5 Kd7 76. Bf6 Bg6 77. d6 Be4 78. Kd4 Bg6
79. Ke5 Ke8 80. Be7 Kf7 81. Kd5 Bf5 82. Kc6 Ke8 83. Kc7 Bd7 84. g6 Bc6 85. g7
1-0

[Event "SVK-chT3B2 1819"]
[Site "Slovakia"]
[Date "2019.02.24"]
[Round "8.6"]
[White "Lukac, Jozef1"]
[Black "Kamas, Samuel"]
[Result "0-1"]
[WhiteElo "1528"]
[BlackElo "1814"]
[PlyCount "36"]
[EventDate "2018.10.21"]
[EventType "team-tourn"]
[EventRounds "11"]
[EventCountry "SVK"]
[SourceTitle "OM OTB B 201907"]
[Source "Opening Master"]
[SourceDate "2019.07.06"]
[SourceVersion "2"]
[SourceVersionDate "2019.07.06"]
[SourceQuality "1"]
[WhiteTeam "Lehota pod Vtacnikom"]
[BlackTeam "Povazska Bystrica Sparta"]
[WhiteTeamCountry "SVK"]
[BlackTeamCountry "SVK"]

1. e4 e5 2. Nf3 Nc6 3. c3 Nf6 4. d4 exd4 5. e5 Nd5 6. cxd4 d6 7. Bb5 Bd7 8. Qb3
Nb6 9. Ng5 Qe7 10. O-O Nxd4 11. Bxd7+ Qxd7 12. Qd3 dxe5 13. Nxh7 O-O-O 14. Nxf8
Qg4 15. Nc3 Rhxf8 16. f3 Qh4 17. Be3 Rh8 18. h3 Nxf3+ 0-1

[Event "Sabadell Coral Colon op 13th"]
[Site "Sabadell"]
[Date "2019.02.22"]
[Round "1.1"]
[White "Munoz Esteve, Antoni"]
[Black "Fernandez Aguilar, Francisco"]
[Result "1/2-1/2"]
[WhiteElo "1679"]
[BlackElo "2116"]
[PlyCount "65"]
[EventDate "2019.02.22"]
[EventType "swiss"]
[EventRounds "8"]
[EventCountry "ESP"]
[SourceTitle "OM OTB B 201907"]
[Source "Opening Master"]
[SourceDate "2019.07.06"]
[SourceVersion "2"]
[SourceVersionDate "2019.07.06"]
[SourceQuality "1"]

1. e4 e5 2. Nf3 Nc6 3. c3 Nf6 4. d3 d5 5. Qc2 a5 6. a3 Bc5 7. Be2 O-O 8. O-O a4
9. Nbd2 dxe4 10. Nxe4 Be7 11. Be3 Nd5 12. Bc5 Nf4 13. Rad1 f5 14. Bxe7 Qxe7 15.
Ng3 Be6 16. Nd2 Qc5 17. Rc1 b5 18. d4 exd4 19. c4 Ne5 20. Bf3 Nxf3+ 21. Nxf3
bxc4 22. Rfe1 Bd5 23. Re5 g6 24. Qd2 Ne6 25. Rce1 Ra6 26. Ng5 Nxg5 27. Qxg5
Raf6 28. Re7 R6f7 29. Nh5 d3 30. Rxf7 Rxf7 31. Nf6+ Kg7 32. Nh5+ Kg8 33. Nf6+
1/2-1/2

[Event "Leiden Noteboom Memorial 79th"]
[Site "Leiden"]
[Date "2019.02.22"]
[Round "1"]
[White "Dijkhuis, Oele"]
[Black "Koes, Richard"]
[Result "1-0"]
[WhiteElo "2147"]
[BlackElo "1895"]
[PlyCount "55"]
[EventDate "2019.02.22"]
[EventType "swiss"]
[EventRounds "6"]
[EventCountry "NED"]
[SourceTitle "OM OTB B 201907"]
[Source "Opening Master"]
[SourceDate "2019.07.06"]
[SourceVersion "2"]
[SourceVersionDate "2019.07.06"]
[SourceQuality "1"]

1. e4 e5 2. Nf3 Nc6 3. c3 Nf6 4. d4 d5 5. Bb5 Nxe4 6. Nxe5 Qf6 7. Qe2 Be7 8.
O-O O-O 9. Ng4 Qd6 10. b3 Bxg4 11. Qxg4 f5 12. Qd1 Qg6 13. Bf4 Bd6 14. Bxd6
Qxd6 15. f3 Nf6 16. Bd3 Nh5 17. Re1 Nf4 18. Qc2 Rae8 19. Nd2 Qg6 20. g3 Nxd3
21. Qxd3 Qg5 22. f4 Qh5 23. Qb5 Kh8 24. Qxd5 Re2 25. Rxe2 Qxe2 26. Nc4 Qd3 27.
Rc1 Ne7 28. Qe5 1-0

[Event "SVK-chT3B2 1819"]
[Site "Slovakia"]
[Date "2019.02.10"]
[Round "7.4"]
[White "Kostelansky, Karol"]
[Black "Brlej, Simon"]
[Result "1-0"]
[WhiteElo "1684"]
[BlackElo "1666"]
[PlyCount "83"]
[EventDate "2018.10.21"]
[EventType "team-tourn"]
[EventRounds "11"]
[EventCountry "SVK"]
[SourceTitle "OM OTB B 201907"]
[Source "Opening Master"]
[SourceDate "2019.07.06"]
[SourceVersion "2"]
[SourceVersionDate "2019.07.06"]
[SourceQuality "1"]
[WhiteTeam "Povazske Podhradie "]
[BlackTeam "Trencin "]
[WhiteTeamCountry "SVK"]
[BlackTeamCountry "SVK"]

1. e4 e5 2. Nf3 Nc6 3. c3 d5 4. Qa4 Qd6 5. d4 Bd7 6. Bb5 exd4 7. Nxd4 Nxd4 8.
Bxd7+ Qxd7 9. Qxd4 Nf6 10. e5 Ne4 11. Be3 Bc5 12. Qd3 Bxe3 13. Qxe3 Qb5 14. Qe2
Qxe2+ 15. Kxe2 O-O-O 16. Nd2 Nxd2 17. Kxd2 Rde8 18. Rae1 Re6 19. Re2 Rhe8 20.
Rhe1 Rh6 21. h3 Ree6 22. Kd3 Kd7 23. Re3 c5 24. f4 f5 25. exf6 Rhxf6 26. Rxe6
Rxe6 27. Rxe6 Kxe6 28. g4 b5 29. b4 cxb4 30. cxb4 g6 31. Kd4 a6 32. a3 h5 33.
Kc5 h4 34. Kd4 Kd6 35. f5 g5 36. f6 Ke6 37. f7 Kxf7 38. Kxd5 Kf6 39. Kd6 Kf7
40. Ke5 Kg6 41. Ke6 Kh6 42. Kf6 1-0

[Event "AZE-ch (Women)"]
[Site "Baku"]
[Date "2019.02.08"]
[Round "5"]
[White "Abdulla, Khayala Mardan Qizi"]
[Black "Mamedjarova, Turkan"]
[Result "0-1"]
[WhiteElo "2243"]
[BlackElo "2267"]
[PlyCount "148"]
[EventDate "2019.02.04"]
[EventType "swiss"]
[EventRounds "9"]
[EventCountry "AZE"]
[SourceTitle "OM OTB B 201907"]
[Source "Opening Master"]
[SourceDate "2019.07.06"]
[SourceVersion "2"]
[SourceVersionDate "2019.07.06"]
[SourceQuality "1"]

1. e4 e5 2. Nf3 Nc6 3. c3 Nf6 4. d4 d6 5. d5 Ne7 6. Bd3 Ng6 7. O-O Be7 8. c4
O-O 9. Nc3 Nh5 10. Bc2 Nhf4 11. Ne1 Bg5 12. Be3 a6 13. Qd2 Qf6 14. Kh1 h6 15.
b4 Bg4 16. Bd1 Bxd1 17. Qxd1 Rfe8 18. Qg4 h5 19. Qd1 Nf8 20. g3 N4g6 21. Ng2 h4
22. Qg4 Nh7 23. Ne2 Bxe3 24. Nxe3 Qg5 25. Qxg5 Nxg5 26. f3 a5 27. b5 b6 28. Nf5
hxg3 29. hxg3 Ne7 30. Ne3 g6 31. Kg2 Kg7 32. Nc3 f5 33. exf5 Nxf5 34. Nxf5+
gxf5 35. Rae1 Kf6 36. Re2 Rh8 37. f4 Nf7 38. fxe5+ dxe5 39. Ref2 Nd6 40. Nd1
Rag8 41. Rf3 Rh5 42. Nf2 e4 43. Rc3 Ke5 44. Re1 Kd4 45. Rc2 f4 46. g4 Rh4 47.
Rd2+ Kc3 48. Rdd1 e3 49. Rc1+ Kd4 50. Rcd1+ Kxc4 51. Nd3 Rgxg4+ 52. Kf1 Rh1+
53. Ke2 Rxe1+ 54. Nxe1 Nxb5 55. Kf3 Rg1 56. Kxf4 e2 57. Rc1+ Kxd5 58. Ke3 Nd4
59. Kd2 c5 60. Rc3 a4 61. Rh3 a3 62. Rh5+ Kc4 63. Rh3 Kb4 64. Nd3+ Ka4 65. Ne1
b5 66. Rh8 b4 67. Rb8 Rg3 68. Rc8 Kb5 69. Re8 Kc4 70. Ra8 Nf3+ 71. Nxf3 Rxf3
72. Kxe2 Rh3 73. Kd2 Rh2+ 74. Kc1 Kc3 0-1

[Event "FICS rated lightning game"]
[Site "FICS freechess.org"]
[Date "2019.02.07"]
[Round "?"]
[White "forlat"]
[Black "HappyPawns"]
[Result "0-1"]
[WhiteElo "2203"]
[BlackElo "2834"]
[PlyCount "104"]
[EventDate "2019.??.??"]

1. e4 e5 2. Nf3 Nc6 3. c3 d5 4. Bb5 dxe4 5. Nxe5 Qd5 6. Qh5 Bd6 7. Bxc6+ bxc6
8. Qxf7+ Qxf7 9. Nxf7 Kxf7 10. c4 Nf6 11. O-O Rd8 12. b3 Be5 13. Nc3 Bf5 14. a4
Rab8 15. a5 Rxb3 16. a6 Be6 17. c5 Bc4 18. Re1 Rxc3 19. dxc3 Bxc3 20. Be3 Bxe1
21. Rxe1 Bxa6 22. Ra1 Be2 23. Bf4 Rd1+ 24. Rxd1 Bxd1 25. Bxc7 Nd7 26. Bf4 Ke6
27. Bd2 Nxc5 28. Bc3 g6 29. Bd4 Kd5 30. Be3 Be2 31. Bd2 Ne6 32. Bc1 c5 33. Bd2
Ke5 34. Be3 a5 35. f3 exf3 36. gxf3 Bxf3 37. Bc1 g5 38. Bb2+ Nd4 39. h3 a4 40.
Kh2 Ke4 41. h4 gxh4 42. Kh3 Nc2 43. Kxh4 a3 44. Bc3 a2 45. Kg3 a1=Q 46. Bxa1
Nxa1 47. Kh4 Kf4 48. Kh3 c4 49. Kh2 c3 50. Kg1 Kg3 51. Kf1 c2 52. Ke1 c1=Q# {
White checkmated} 0-1

[Event "FSGM June 2019"]
[Site "Budapest HUN"]
[Date "2019.02.04"]
[Round "4.8"]
[White "Horbach, Vasili"]
[Black "Alkkiomaki, J."]
[Result "1-0"]
[WhiteElo "2545"]
[BlackElo "2418"]
[PlyCount "65"]
[EventDate "2019.06.01"]
[EventType "tourn"]
[EventRounds "9"]
[EventCountry "HUN"]
[EventCategory "8"]
[SourceTitle "The Week in Chess 1266"]
[Source "Mark Crowther"]
[SourceDate "2019.02.12"]
[SourceVersion "1"]
[SourceVersionDate "2019.02.12"]
[SourceQuality "2"]

1. e4 e5 2. Nf3 Nc6 3. c3 Nf6 4. d3 d5 5. Nbd2 Be7 6. Be2 O-O 7. O-O a5 8. Re1
dxe4 9. dxe4 Bc5 10. h3 h6 11. Qc2 Be6 12. Nc4 Qe7 13. Ne3 Rfd8 14. b3 Nh5 15.
Bf1 Nf4 16. Nf5 Qf6 17. g3 Ng6 18. Nh2 Bxf5 19. exf5 Nge7 20. Bd3 Rxd3 21. Qxd3
Rd8 22. Qc4 Bb6 23. Ng4 Qxf5 24. Bxh6 Bxf2+ 25. Nxf2 gxh6 26. Rad1 Rxd1 27.
Rxd1 Ng6 28. Rf1 Qf3 29. Ne4 Qe3+ 30. Kh2 Nd8 31. Qxc7 Qd3 32. Rf2 Nf8 33. Nf6+
1-0

[Event "SVK-chT2C 1819"]
[Site "Slovakia"]
[Date "2019.02.03"]
[Round "7.8"]
[White "Mikulec, Martin"]
[Black "Bartek, Ladislav"]
[Result "0-1"]
[WhiteElo "1885"]
[BlackElo "2019"]
[PlyCount "80"]
[EventDate "2018.10.13"]
[EventType "team-tourn"]
[EventRounds "11"]
[EventCountry "SVK"]
[SourceTitle "OM OTB B 201907"]
[Source "Opening Master"]
[SourceDate "2019.07.06"]
[SourceVersion "2"]
[SourceVersionDate "2019.07.06"]
[SourceQuality "1"]
[WhiteTeam "Banska Bystrica Veza"]
[BlackTeam "Ondrasova Krivan"]
[WhiteTeamCountry "SVK"]
[BlackTeamCountry "SVK"]

1. e4 e5 2. Nf3 Nc6 3. c3 d5 4. Qa4 f6 5. Bb5 Nge7 6. exd5 Qxd5 7. O-O Bd7 8.
d4 a6 9. c4 Qf7 10. d5 Ra7 11. dxc6 bxc6 12. Bxa6 Bc8 13. Qc2 Rxa6 14. Rd1 c5
15. Na3 Nc6 16. Nb5 Nd4 17. Nfxd4 cxd4 18. c5 c6 19. Na3 Be6 20. b4 Be7 21. b5
cxb5 22. Nxb5 O-O 23. Nd6 Bxd6 24. cxd6 Rxa2 25. Rxa2 Bxa2 26. Qc5 Qc4 27. Ba3
Qxc5 28. Bxc5 Re8 29. f4 Kf7 30. fxe5 fxe5 31. Re1 Kf6 32. Ra1 Be6 33. Kf2 Rc8
34. Rc1 Kf5 35. Kf3 e4+ 36. Kf2 Ke5 37. h3 e3+ 38. Kf3 Bd5+ 39. Ke2 Ke4 40.
Bxd4 Rxc1 0-1

[Event "We 40. Talven turnaus A 2019 Jyvaskyla"]
[Site "?"]
[Date "2019.02.03"]
[Round "4"]
[White "Karvinen Kimmo"]
[Black "Hintikka Eero"]
[Result "1-0"]
[WhiteElo "2134"]
[BlackElo "2108"]
[PlyCount "83"]
[EventDate "2019.??.??"]

1. e4 e5 2. Nf3 Nc6 3. c3 Nf6 4. d4 Nxe4 5. d5 Bc5 6. dxc6 Bxf2+ 7. Ke2 d5 8.
Nbd2 Nxd2 9. Kxf2 Nxf3 10. Qxf3 bxc6 11. Qg3 Qf6+ 12. Kg1 O-O 13. a4 a5 14. b4
Qd6 15. b5 cxb5 16. Bxb5 Bb7 17. Ba3 c5 18. Re1 f6 19. h4 Rfd8 20. h5 Rac8 21.
Rh4 e4 22. Qf2 d4 23. cxd4 Qxd4 24. Re3 Qa1+ 25. Kh2 Rd1 26. Bc4+ Bd5 27. Bb2
Qxa4 28. Rg3 Rf8 29. Rhg4 Qd7 30. Bxf6 Rf7 31. Rxg7+ Rxg7 32. Rxg7+ Qxg7 33.
Bxg7 Kxg7 34. Qg3+ Kf7 35. Qf4+ Ke6 36. Qg4+ Ke5 37. Qxd1 Bxc4 38. Qa1+ Kd5 39.
Qxa5 e3 40. Qc3 Bf1 41. Qxe3 c4 42. Qf3+ 1-0

[Event "OMA-chT"]
[Site "Muscat"]
[Date "2019.02.03"]
[Round "2.5"]
[White "Al Kathiri, Hassan"]
[Black "Shamas, Salim Ahmed"]
[Result "1-0"]
[WhiteElo "1557"]
[BlackElo "1744"]
[PlyCount "77"]
[EventDate "2019.02.02"]
[EventType "team-swiss"]
[EventRounds "9"]
[EventCountry "OMN"]
[SourceTitle "OM OTB B 201907"]
[Source "Opening Master"]
[SourceDate "2019.07.06"]
[SourceVersion "2"]
[SourceVersionDate "2019.07.06"]
[SourceQuality "1"]

1. e4 e5 2. Nf3 Nc6 3. c3 Nf6 4. d4 exd4 5. e5 Ne4 6. cxd4 d5 7. Bd3 Bg4 8. Be2
Bb4+ 9. Bd2 Nxd2 10. Nbxd2 O-O 11. O-O Ba5 12. h3 Bh5 13. a3 a6 14. b4 Bb6 15.
Nb3 Ne7 16. Nc5 Bxc5 17. bxc5 Nc6 18. Qd2 h6 19. Rad1 Qe7 20. Qf4 Nd8 21. Rfe1
Ne6 22. Qe3 g5 23. Nh2 Bxe2 24. Qxe2 Nf4 25. Qb2 f5 26. exf6 Qxf6 27. Ng4 Qc6
28. Ne5 Qb5 29. Qc2 Qe8 30. Kh2 Qh5 31. Ng4 Rf7 32. Re7 Raf8 33. Nf6+ Kh8 34.
Nxh5 Rxe7 35. Nxf4 Rxf4 36. f3 Kg7 37. Rd2 Ref7 38. Re2 Rxd4 39. Qc3 1-0

[Event "SVK-chT1W 1819"]
[Site "Slovakia"]
[Date "2019.02.02"]
[Round "7.4"]
[White "Nestorenko, Dmitry"]
[Black "Rohacek, Miroslav"]
[Result "1/2-1/2"]
[WhiteElo "2146"]
[BlackElo "2234"]
[PlyCount "64"]
[EventDate "2018.10.27"]
[EventType "team-tourn"]
[EventRounds "11"]
[EventCountry "SVK"]
[SourceTitle "OM OTB B 201907"]
[Source "Opening Master"]
[SourceDate "2019.07.06"]
[SourceVersion "2"]
[SourceVersionDate "2019.07.06"]
[SourceQuality "1"]
[WhiteTeam "Bratislava Slovan III"]
[BlackTeam "Bratislava KSN"]
[WhiteTeamCountry "SVK"]
[BlackTeamCountry "SVK"]

1. e4 e5 2. Nf3 Nc6 3. c3 d5 4. Qa4 f6 5. d3 Be6 6. Be2 Bd6 7. exd5 Bxd5 8. d4
exd4 9. Nxd4 Qd7 10. O-O Nge7 11. Be3 Nxd4 12. Qxd7+ Kxd7 13. Bxd4 Nf5 14. Bg4
Be6 15. Rd1 Nxd4 16. Rxd4 f5 17. Bf3 c6 18. Nd2 Kc7 19. Nb3 b6 20. Re1 Rhe8 21.
Rdd1 Rad8 22. Nd4 Bd7 23. g3 c5 24. Nc2 Rxe1+ 25. Rxe1 Bf8 26. Bd5 Ba4 27. Ne3
g6 28. b3 Bc6 29. c4 Re8 30. Bxc6 Kxc6 31. Kf1 Bg7 32. Nd5 Rxe1+ 1/2-1/2

[Event "We 40. Talven turnaus A 2019 Jyvaskyla"]
[Site "?"]
[Date "2019.02.02"]
[Round "3"]
[White "Karvinen Kimmo"]
[Black "Seppala Aki"]
[Result "0-1"]
[WhiteElo "2134"]
[BlackElo "2085"]
[PlyCount "74"]
[EventDate "2019.??.??"]

1. e4 e5 2. Nf3 Nc6 3. c3 d5 4. Qa4 Qd6 5. d3 Nf6 6. Be2 Be7 7. O-O O-O 8. Re1
dxe4 9. dxe4 Bd7 10. Qc2 h6 11. Nbd2 Nh5 12. Nc4 Qf6 13. g3 Bh3 14. b4 Bd6 15.
Nh4 Nf4 16. Bf1 Bxf1 17. Rxf1 Ne7 18. Ne3 Nfg6 19. Nhf5 Nxf5 20. Ng4 Qd8 21.
exf5 h5 22. Nh6+ gxh6 23. fxg6 Kg7 24. gxf7 Rxf7 25. h4 Qf6 26. Qe4 c5 27. Be3
cxb4 28. cxb4 a6 29. Rfd1 Rg8 30. Rd5 Kh8 31. Rc1 Rg4 32. Qg2 Rfg7 33. Qh3 Qf3
34. Qxg4 Rxg4 35. Rxd6 Rxg3+ 36. Kf1 Qh1+ 37. Ke2 Rxe3+ 0-1

[Event "FSGM June 2019"]
[Site "Budapest HUN"]
[Date "2019.02.02"]
[Round "1.79"]
[White "Fantinel, T."]
[Black "Almeraya, Eduardo"]
[Result "0-1"]
[WhiteElo "2194"]
[BlackElo "1651"]
[PlyCount "64"]
[EventDate "2019.06.01"]
[EventType "tourn"]
[EventRounds "9"]
[EventCountry "HUN"]
[EventCategory "8"]
[SourceTitle "The Week in Chess 1266"]
[Source "Mark Crowther"]
[SourceDate "2019.02.12"]
[SourceVersion "1"]
[SourceVersionDate "2019.02.12"]
[SourceQuality "2"]

1. e4 e5 2. Nf3 Nc6 3. c3 Nf6 4. d3 d5 5. Nbd2 Bd6 6. Be2 O-O 7. O-O Ne7 8. Re1
c6 9. Bf1 Qc7 10. g3 Ng6 11. Bg2 Be6 12. Nf1 Ne8 13. Ne3 dxe4 14. dxe4 Rd8 15.
Qc2 Ne7 16. Qe2 f6 17. Nc4 Bc5 18. b4 Bb6 19. a4 Nd6 20. Nxb6 axb6 21. Nd2 Ng6
22. c4 Qf7 23. Bf1 f5 24. c5 Nxe4 25. Nxe4 fxe4 26. Rb1 Rd3 27. Be3 Nf4 28.
Bxf4 exf4 29. Qxe4 fxg3 30. f3 Rxf3 31. h3 Bd5 32. Qg4 Rb3 0-1

[Event "Manisa Rotary Club"]
[Site "Manisa"]
[Date "2019.02.01"]
[Round "8.1"]
[White "Sakir, Ridvan"]
[Black "Mammadov, Ayaz Arzu"]
[Result "1-0"]
[WhiteElo "2212"]
[BlackElo "2413"]
[PlyCount "145"]
[EventDate "2019.01.28"]
[EventType "schev"]
[EventRounds "10"]
[EventCountry "TUR"]
[SourceTitle "OM OTB B 201907"]
[Source "Opening Master"]
[SourceDate "2019.07.06"]
[SourceVersion "2"]
[SourceVersionDate "2019.07.06"]
[SourceQuality "1"]
[WhiteTeam "TURKUAZ"]
[BlackTeam "EFLATUN"]

1. e4 e5 2. Nf3 Nc6 3. c3 Nf6 4. d4 d6 5. Bb5 Bd7 6. O-O Be7 7. Re1 O-O 8. Ba4
Re8 9. Nbd2 Bf8 10. h3 g6 11. Bc2 exd4 12. cxd4 Bg7 13. Nf1 h6 14. Ng3 Nh7 15.
Be3 Ng5 16. Nxg5 hxg5 17. Qd2 Bf6 18. f3 Qe7 19. Nh1 a5 20. Rac1 Rec8 21. Ba4
Rab8 22. Bb5 Bg7 23. d5 Nb4 24. Bxg5 f6 25. Bxd7 Qxd7 26. a3 Na6 27. Be3 b6 28.
Bd4 a4 29. Bc3 Nc5 30. Rcd1 Re8 31. Nf2 Qf7 32. Ng4 Qf8 33. Qf4 Nd7 34. Qg3 Re7
35. h4 Kf7 36. h5 gxh5 37. Ne3 Qh8 38. Nf5 Ree8 39. Kf2 Rg8 40. Rh1 Nc5 41. Qf4
Qh7 42. g4 Rh8 43. Rxh5 Qg6 44. Nxg7 Qxg7 45. Bxf6 Qxf6 46. Rf5 Qxf5 47. Qxf5+
Ke7 48. Qg5+ Kf7 49. e5 Rbf8 50. e6+ Ke8 51. Qg7 Rh3 52. Qg6+ Ke7 53. Qg5+ Ke8
54. Qe3 Rh2+ 55. Kg3 Rfh8 56. g5 R2h3+ 57. Kg4 R3h4+ 58. Kf5 Rf8+ 59. Kg6 Ke7
60. Qc3 Rg8+ 61. Kf5 Rf8+ 62. Qf6+ Rxf6+ 63. gxf6+ Kf8 64. Kg6 Rh8 65. e7+ Ke8
66. Kg7 Nd7 67. Kxh8 Nxf6 68. Kg7 Nd7 69. Re1 b5 70. f4 Nb6 71. f5 Nxd5 72. f6
Nxf6 73. Kxf6 1-0

[Event "TUR Cup"]
[Site "Antalya"]
[Date "2019.01.31"]
[Round "7"]
[White "Nas, Muhammed Akif Bahad"]
[Black "Duman, Mehmet Cemil"]
[Result "0-1"]
[WhiteElo "1660"]
[BlackElo "1449"]
[PlyCount "64"]
[EventDate "2019.01.27"]
[EventType "swiss"]
[EventRounds "11"]
[EventCountry "TUR"]
[SourceTitle "OM OTB B 201907"]
[Source "Opening Master"]
[SourceDate "2019.07.06"]
[SourceVersion "2"]
[SourceVersionDate "2019.07.06"]
[SourceQuality "1"]

1. e4 Nc6 2. c3 e5 3. Nf3 Nf6 4. Bd3 Bc5 5. Bc2 d6 6. h3 Bd7 7. d3 Qe7 8. b4
Bb6 9. a4 a5 10. b5 Nd8 11. Be3 Ne6 12. Bxb6 cxb6 13. Nbd2 Nf4 14. g3 Ne6 15.
Nc4 Rc8 16. Nxb6 Rxc3 17. Nc4 Nxe4 18. Nxa5 Nf6 19. O-O O-O 20. Qd2 Rfc8 21.
Rac1 e4 22. Nh4 d5 23. Nf5 Qf8 24. Nxb7 g6 25. Nfd6 Nd4 26. Qd1 Rxc2 27. Rxc2
Nf3+ 28. Kg2 Bxh3+ 29. Kh1 Rxc2 30. Qxc2 Qh6 31. Qc1 Bg2+ 32. Kxg2 Qh2# 0-1

[Event "TUR Cup"]
[Site "Antalya"]
[Date "2019.01.28"]
[Round "3"]
[White "Orel, Yusuf"]
[Black "Alagoz, Mahmut"]
[Result "0-1"]
[WhiteElo "1308"]
[BlackElo "1707"]
[PlyCount "64"]
[EventDate "2019.01.27"]
[EventType "swiss"]
[EventRounds "11"]
[EventCountry "TUR"]
[SourceTitle "OM OTB B 201907"]
[Source "Opening Master"]
[SourceDate "2019.07.06"]
[SourceVersion "2"]
[SourceVersionDate "2019.07.06"]
[SourceQuality "1"]

1. e4 e5 2. Nf3 Nc6 3. c3 d5 4. exd5 Qxd5 5. b3 Bg4 6. Be2 Nf6 7. d3 Rd8 8. Qc2
Bxf3 9. gxf3 Bc5 10. Rf1 O-O 11. Nd2 Rfe8 12. Bb2 Nh5 13. O-O-O Nf4 14. Ne4 Be7
15. Kb1 Kh8 16. h4 Bxh4 17. Rh1 Be7 18. d4 h6 19. Nf6 Bxf6 20. Bc4 Qxf3 21. Rh2
exd4 22. Rdh1 d3 23. Qd2 Re2 24. Qd1 Ne5 25. Qg1 Rxb2+ 26. Kxb2 Nxc4+ 27. bxc4
Qe2+ 28. Ka3 Be7+ 29. c5 Bxc5+ 30. Kb3 Qc2+ 31. Kc4 Qa4+ 32. Kxc5 Rd5# 0-1